00634 2200229 4500001002100000005001500021035002000036007000300056008004100059020002200100082001100122084001700133100002900150245007600179260003600255300003800291650000900329650001500338504002700353990001200380990001200392INLIS00000000000284120190114124819 a0010-0119000193ta190114 g 0 ind  a978-602-401-525-1 a617.66 a617.66 RIN e0 aRINI, Irmayanti Sitanaya1 aExodontia (Dasar-Dasar Ilmu Pencabutan Gigi) /cRini Irmayanti Sitanaya aYogyakarta :bDeepublish,c2016 aviii, 135 hlm. :bilus. ;c20 cm. aGIGI aPENCABUTAN aBibliografi : hlm. 135 a16957 a a16957 b